Name the Fictional Character by Picture - Statistics

General Stats
  • This quiz has been taken 21 times
  • The average score is 60 of 100
Answer Stats
Picture Answer % Correct
Donald Duck
86%
E.T.
86%
Garfield
86%
Goofy
86%
Iron Man
86%
Jack Sparrow
86%
Nemo
86%
Pikachu
86%
Shrek
86%
Sonic
86%
Spongebob Square Pants
86%
Stitch
86%
Tigger
86%
Wall-E
86%
Yoda
86%
Bumblebee
79%
Captain America
79%
Cookie Monster
79%
Darth Vader
79%
Indiana Jones
79%
Loki
79%
Lord Voldemort
79%
Spider Man
79%
Thanos
79%
Toad
79%
Wario
79%
Winnie the Pooh
79%
Bugs Bunny
71%
Chicken Little
71%
Elmo
71%
Groot
71%
Kermit the Frog
71%
Kevin McCallister
71%
Luigi
71%
R2-D2
71%
The Incredible Hulk
71%
Thor
71%
Willy Wonka
71%
Woody
71%
Albus Dumbledore
64%
Clark Kent
64%
Daffy Duck
64%
Frodo
64%
Kirby
64%
Lightning McQueen
64%
Link
64%
Miles Morales
64%
Rubeus Hagrid
64%
Simba
64%
Tony the Tiger
64%
Charizard
57%
Dobby
57%
Eeyor
57%
Hermione Granger
57%
Jigglypuff
57%
Knuckles the Echidna
57%
Magikarp
57%
Nick Fury
57%
Optimus Prime
57%
Raphael
57%
The Monopoly Man
57%
Ebenezer Scrooge
50%
Eevee
50%
Frozone
50%
Gandalf
50%
Harry Potter
50%
Lilo
50%
Lucius Malfoy
50%
Luna Lovegood
50%
Mater
50%
Odie
50%
Olaf
50%
Oompa Loompa
50%
Psyduck
50%
Rango
50%
Cap'n Crunch
43%
Dory
43%
Dragonite
43%
Fozzie Bear
43%
Granny
43%
Jeppy
43%
Mario
43%
Marvin the Martian
43%
Percy Jackson
43%
Sauron
43%
Aragorn
36%
Aslan
36%
Charmander
36%
Red
36%
Remy
36%
Scrooge McDuck
36%
Big Bird
29%
Carl Frederickson
29%
Dolores Umbridge
29%
Hedwig
29%
Snorlax
29%
The White Witch
29%
Blu
21%
Oscar the Grouch
21%
Boromir
14%
No matching quizzes found
Score Distribution
Percent of People with Each Score
Percentile by Number Answered
Your Score History
You have not taken this quiz